000 00567nam a2200205Ia 4500
005 20250923145404.0
008 008 250917s9999 xx 000 0 eng d
037 _aTextual
040 _aDSWL
_beng
_cDSWL
041 _aeng
_2eng
084 _aV2'J<-H, N62
_qDSWL
100 _aSeweli, C.R.
_9834782
245 2 _aA forgatten empire
_c by C.R. Seweli
260 _aDelhi
_bPublication Division
_c1962
300 _axviii,407 p.
365 _aINR
_b4 . 50
925 _g4 . 50
942 _cTEXL
_hV2'J<-H, N62
999 _c1450773
_d1450773